[Event "Sofia MTel Masters 4th"]
[Site "Sofia"]
[Date "2008.05.17"]
[Round "9"]
[White "Bu, Xiangzhi"]
[Black "Topalov, Veselin"]
[Result "1-0"]
[WhiteElo "2708"]
[BlackElo "2767"]
[Annotator "Krasenkow,M"]
[PlyCount "93"]
[EventDate "2008.05.08"]
[EventType "tourn"]
[EventRounds "10"]
[EventCountry "BUL"]
[EventCategory "20"]
[SourceTitle "CBM 124"]
[Source "ChessBase"]
[SourceDate "2008.05.28"]
[SourceVersion "1"]
[SourceVersionDate "2008.05.28"]
[SourceQuality "1"]

1. Nf3 d5 2. d4 Nf6 3. c4 c6 4. Qc2 dxc4 5. Qxc4 Bf5 6. g3 Nbd7 7. Bg2 e6 8.
O-O Be7 9. Nc3 O-O 10. Re1 h6 11. e4 Bh7 12. Bf4 Rc8 {[%cal Yc6c5] This line
is generally quite harmless. Black's strong light-squared bishop guarantees
him good counterplay. Besides 12...Rc8, he can also play} (12... Qb6 13. Qe2
Bb4 14. Ne5 Nxe5 $1 (14... Rfd8 15. a3 Bf8 16. Be3 $14 {1/2-1/2 Gonda,L-Ruck,T/
Zalakaros 2006/EXT 2007 (41)}) 15. Bxe5 Nd7 16. Bf4 Rfe8 17. a3 Bf8 18. e5 (18.
Rad1 $5) 18... Qb3 19. Rac1 Red8 $11 {0-1 Joergens,M-Vengels,J/Ruhrgebiet 1996/
EXT 2002 (67)}) 13. Qe2 (13. a3 a5 14. e5 $6 Nb6 15. Qe2 Nfd5 16. Bd2 Nxc3 17.
bxc3 c5 $15 {0-1 Ippolito,D-Arnett,D/New York 1995/EXT 2002 (45)}) (13. Rad1 b5
14. Qb3 b4 15. e5 bxc3 16. exf6 Nxf6 17. bxc3 Nd5 18. Bd2 c5 $132 {0-1
Carrasco Martinez,J-Mirzoev,A/Zafra 2004/CBM 100 ext (48)}) 13... Re8 (13... c5
14. d5 exd5 15. e5 $1 Ne4 16. Nxd5 $14) 14. Rad1 b5 15. a3 a5 16. Ne5 Nxe5 17.
Bxe5 Qb6 18. a4 $6 {It was better to wait:} (18. Bf3 b4 $140 19. Na4) 18... Nd7
(18... b4 19. Nb1 c5 {- game} (19... Nd7 20. Nd2)) 19. Bf4 (19. axb5 Nxe5 20.
dxe5 Bb4 $1 21. bxc6 Qxc6 22. Rc1 Qc7 $11) 19... b4 20. Nb1 Nf6 (20... c5 $5)
21. Be5 (21. Nd2 $5 Qxd4 22. Nc4 Qa7 23. Nd6 Bxd6 24. Bxd6 $44) 21... c5 $11
22. Nd2 cxd4 23. Nb3 $6 (23. Nc4 $142 Qc5 (23... Qa6 24. b3) 24. Rxd4 Red8 25.
Rxd8+ Rxd8 26. b3 Nd7 $11) 23... Qc6 $1 24. Qb5 $6 {A wrong change of the pawn
structure.} (24. Bxf6 gxf6 25. Nxd4 $11 Qxa4 $140 $6 26. b3 Qd7 27. Nb5 Qb7 28.
e5) 24... Qxb5 25. axb5 a4 {These pawns are more dangerous than White's b5
pawn.} 26. Nxd4 Ng4 $1 27. Bf4 g5 28. Bf3 (28. Bc1 Bc5 29. h3 Red8 30. hxg4
Bxd4) 28... Nxf2 $1 29. Kxf2 gxf4 30. Nc6 fxg3+ (30... Bc5+ $5 31. Kg2 Rc7 {
[%cal Rc7b7]} 32. Rc1 Be3 33. Rc4 a3 $36) 31. Kxg3 Bf8 32. Rd7 Bg6 $2 {Chess
is a tragedy of one tempo.} (32... a3 $1 $36 33. bxa3 $140 bxa3 34. Ra1 (34. e5
Bc5) 34... Ra8 35. b6 $140 Ra6) 33. e5 $14 {[%cal Rb5b6] White's b-pawn now
comes first.} Bc5 $6 (33... a3 $142 34. bxa3 b3 $1 (34... bxa3 35. b6) 35. b6
b2 36. b7 b1=Q (36... Rb8 $2 37. Rc7) 37. Rxb1 Bxb1 38. a4 $1 {no hurry to
recapture the rook!} Bc2 $1 (38... Ba2 39. a5 Bc4 40. Bh5 $1 $18) 39. a5 Ba4 $1
40. Ne7+ $1 Bxe7 41. Rxe7 Bb5 42. bxc8=Q Rxc8 43. Rb7 Rc5 {and Black should
survive.}) 34. Rc1 Be3 35. Rc4 (35. Ne7+ $142 Kh7 $1 (35... Kg7 $2 36. Rxc8
Rxc8 37. Nxc8 a3 38. bxa3 b3 (38... bxa3 39. b6 a2 40. Ra7) 39. Nd6 $1 b2 40.
Ne8+ {that's why 35...Kg7 was wrong!} Kf8 41. Nf6 Bb6 42. Rd1 Bc2 43. Nd7+ Ke8
44. Nxb6 Bxd1 45. Be4 $18) 36. Rxc8 Rxc8 37. Nxc8 a3 38. b6 (38. bxa3 {doesn't
work now}) 38... axb2 (38... a2 39. Ra7 b3 40. Bd1 Bc2 41. Rxf7+ Kg8 42. Ra7
Bxd1 43. Ne7+ Kf8 44. Ra8+ Kxe7 45. b7 $18) 39. Rd1 Bxb6 40. Nxb6 b1=Q 41. Rxb1
Bxb1 {and the question whether White can win remains open (I would vote for
the negative answer).}) 35... a3 36. bxa3 bxa3 37. Ra4 (37. Ne7+ Kg7 38. Nxc8
a2 39. Ra4 Rxc8 40. Rxa2 Rc4 $132) 37... Bc5 38. Ra6 a2 $4 {Just giving up the
pawn, which leads to an absolutely hopeless position.} (38... Rb8 39. Nxb8 Rxb8
{was not bad}) ({but the best possibility for Black was} 38... Kg7 39. b6 Bxb6
40. Rxb6 Ra8 41. Rd1 a2 42. Ra1 Ra3 {and White can hardly win.}) 39. Rxa2 Kg7
40. Ra6 Rb8 {Too late!} 41. Nxb8 Rxb8 42. Bc6 h5 43. Ra8 Rb6 44. Rdd8 h4+ 45.
Kf4 Bh7 46. Be4 Be7 47. Rdb8 1-0

[Event "Nanjing Pearl Spring 1st"]
[Site "Nanjing"]
[Date "2008.12.17"]
[Round "6"]
[White "Bu, Xiangzhi"]
[Black "Movsesian, Sergei"]
[Result "1-0"]
[WhiteElo "2714"]
[BlackElo "2732"]
[Annotator "Rogozenco,D"]
[PlyCount "123"]
[EventDate "2008.12.11"]
[EventType "tourn"]
[EventRounds "10"]
[EventCountry "CHN"]
[EventCategory "21"]
[SourceTitle "CBM 128"]
[Source "ChessBase"]
[SourceDate "2009.01.28"]
[SourceVersion "1"]
[SourceVersionDate "2009.01.28"]
[SourceQuality "1"]

1. d4 d5 2. c4 c6 3. Nf3 Nf6 4. Nc3 a6 5. a4 e6 6. Bg5 Nbd7 7. a5 {One of the
main attempts to fight for an advantage against Black's setup.} ({In the event
of} 7. e3 {White must be ready to play against the Cambridge-Springs type of
positions after the strongest} Qa5) 7... Bb4 8. Qa4 Be7 {Black's idea behind
provoking the queen to a4 is to exploit its exposed position by playing ...b5
soon.} 9. e3 O-O 10. Be2 b5 $146 (10... h6 11. Bh4 (11. Bxf6 $5 Nxf6 12. c5)
11... b5 {Compared to the main game, in this situation the inclusion of the
moves h6/Bh4 certainly cannot harm Black.} 12. axb6 Nxb6 13. Qa2 Nxc4 14. Bxc4
dxc4 15. O-O Nd7 16. Bxe7 Qxe7 17. Qxc4 {1/2-1/2 Rause,O (2708)-Elwert,H (2687)
/ICCF email 2002} c5 $11) (10... c5 11. cxd5 Nxd5 12. Bxe7 Nxe7 13. O-O cxd4
14. Nxd4 $14 {1-0 Siebrecht,S (2451)-Kuehn,P (2446)/Kallithea 2008 (62)}) 11.
axb6 Nxb6 12. Qc2 (12. Qxc6 Bd7 13. Qb7 Bc8 14. Qc6 Bd7 $11) 12... Nxc4 13.
Bxc4 dxc4 14. O-O c5 15. dxc5 Bxc5 (15... Bb7 16. Rfd1 Qc7 17. Na4 Bxf3 18.
gxf3 Bxc5 19. Qxc4 Bd6 20. Qxc7 Bxc7 21. Nc5 $14) 16. Rfd1 (16. Bxf6 Qxf6 17.
Ne4 Qe7 $11) 16... Qc7 (16... Qe7 17. Ne4 Bb7 18. Bxf6 gxf6 19. Qxc4 Bxe4 20.
Qxe4 $11 {/+/=}) 17. Ra4 {Black still needs to find a safe place for the queen,
since White has better control in the centre. However, with a little accuracy
Black can neutralise White's slight pressure rather easily.} (17. Bxf6 $5 gxf6
18. Ra4 Be7 19. Rd4) 17... Be7 (17... Bb7 $6 18. Rxc4 Qe7 19. Ne5 $36 {[%cal
Ge5g4,Ge5d7]}) 18. Bf4 Qc5 ({Simpler was} 18... Qb6 19. Rxc4 (19. Ne5 Bb7 20.
Nxc4 Qc6 21. f3 Rfd8 $11) 19... Bb7 20. Bc7 Qa7 $11) 19. Ne5 Bb7 20. Rxc4 Qa5
21. Qb3 (21. Nc6 Bxc6 22. Rxc6 Rfd8 $11) 21... Rad8 22. Rxd8 Rxd8 23. Ra4 (23.
Qxb7 $4 Qa1+) 23... Qc7 24. Rc4 Qa5 25. h3 Qa1+ ({Black has at his disposal
also a tactical possibility to keep the balance:} 25... Bd5 26. Nxd5 Nxd5 27.
Nc6 (27. Bg3 Qb5 $11) 27... Qe1+ 28. Kh2 Bh4 $3 ({After} 28... Re8 29. Nxe7+
Nxe7 30. Qb7 {White is winning:} Ng6 (30... Qxf2 31. Qxe7 $18) 31. Rc8 $18) 29.
Rc2 $1 (29. Nxd8 $2 Bxf2 $19) (29. Bg3 Bxg3+ 30. Kxg3 Re8 $11) 29... Rf8 (29...
Bxf2 $2 30. Rxf2 Qxf2 31. Nxd8 $18) 30. g3 Nxf4 31. exf4 Bf6 $14 {/=}) 26. Kh2
Ba8 27. Nc6 Bxc6 28. Rxc6 Qf1 $2 (28... h6 29. Qb7 Rd7 30. Rc8+ (30. Qxa6 Qxb2)
(30. Qc8+ Rd8) 30... Kh7 31. Rc7 (31. Qb8 Qa5 $14 {[%cal Gd7d8] /=}) 31... Rxc7
32. Qxc7 Bb4 33. Qxf7 (33. Be5 Qa5 $11) 33... Qxb2 34. Na4 Qxf2 35. Qxe6 a5 $11
) (28... a5 29. Qb7 Bb4 (29... Bf8 30. Rc7 $16) 30. Rc8 Rf8 $1 31. Rxf8+ $140
Bxf8 32. Qc8 h6 $1 33. Bd6 Nh7 $14 {/=}) 29. Qb7 $16 {Now White wins at least
a pawn.} Bf8 (29... Rd7 30. Rc8+ $18) 30. Bg3 a5 (30... h6 31. Rxa6 $16) 31.
Rc7 h5 $2 {The second mistake, this time in a very difficult situation. 31...
h5 only creates additional weaknesses and leads to a completely hopeless
position.} (31... Nh5 32. Rxf7 Nxg3 33. Kxg3 Qd3 $16) (31... Qd3 32. Rxf7 Qg6
$16) 32. Rxf7 Qd3 33. Rxf6 $1 {The most effective way to victory. White will
win by force two more pawns.} gxf6 34. Ne4 Bg7 (34... Kh8 35. Qf7 $1 $18 (35.
Nxf6 Qf5 $16)) 35. Qe7 $18 Rf8 36. Qxe6+ Kh8 37. Qf5 a4 (37... Qd1 38. Qxa5 $18
) 38. Bd6 Rf7 39. Qe6 ({There is a quicker win after} 39. Qxh5+ $18) 39... Qb3
(39... Kg8 40. Qe8+ Bf8 41. Bxf8 Rxf8 42. Nxf6+ $18) 40. Qc8+ Kh7 41. Qf5+ Kg8
42. Ba3 h4 43. Nd6 Rc7 44. Qe4 Qb8 45. Qxa4 Bf8 46. Qg4+ Rg7 47. Qc4+ Kh7 48.
Qxh4+ Kg6 49. Qe4+ Kh6 50. Qe6 Kh7 51. Qxf6 {A rare case of 5 pawns versus
none.} Rg6 52. Qf7+ Bg7 53. Qf4 Bh6 54. Qe5 Bg7 55. Qe7 Kh8 56. e4 Bf6 57. Qe6
Kh7 58. Qf5 Qg8 59. g3 Qb3 60. e5 Bg7 61. Nf7 Qd5 62. h4 1-0

[Event "Politiken Cup 36th"]
[Site "Helsingor"]
[Date "2014.07.27"]
[Round "8"]
[White "Bu, Xiangzhi"]
[Black "Moiseenko, Alexander"]
[Result "1-0"]
[WhiteElo "2693"]
[BlackElo "2707"]
[PlyCount "115"]
[EventDate "2014.07.21"]
[EventType "swiss"]
[EventRounds "10"]
[EventCountry "DEN"]
[SourceTitle "CBM 161 Extra"]
[Source "ChessBase"]
[SourceDate "2014.08.29"]
[SourceVersion "1"]
[SourceVersionDate "2014.08.29"]
[SourceQuality "1"]

1. Nf3 Nf6 2. c4 e6 3. Nc3 Bb4 4. Qc2 d6 5. g3 c5 6. Bg2 Nc6 7. O-O O-O 8. e3
e5 9. b3 Bxc3 10. Qxc3 Bg4 11. h3 Bxf3 12. Bxf3 e4 13. Bg2 Ne5 14. Bb2 Qd7 15.
Qc2 Rfe8 16. d3 exd3 17. Qd2 Qf5 18. Rad1 Ne4 19. Bxe4 Qxe4 20. Bxe5 dxe5 21.
Qxd3 Qxd3 22. Rxd3 Re7 23. Rfd1 Kf8 24. Kg2 f6 25. Rd6 Rae8 26. R1d5 b6 27. Kf3
Kf7 28. Ke4 h5 29. Rd7 g6 30. R5d6 Rxd7 31. Rxd7+ Ke6 32. Rxa7 Rd8 33. Rb7 f5+
34. Kf3 Rd6 35. g4 hxg4+ 36. hxg4 Kf6 37. Kg3 e4 38. gxf5 Kxf5 39. a4 Ke5 40.
Rb8 Kf5 41. Kh4 Rf6 42. Rc8 Ke5 43. a5 bxa5 44. Rxc5+ Kd6 45. Rd5+ Kc6 46. Kg3
Rf3+ 47. Kg2 Rf5 48. Rxf5 gxf5 49. Kg3 Kc5 50. Kf4 Kb4 51. Kxf5 Kxb3 52. c5 a4
53. c6 a3 54. c7 a2 55. c8=Q a1=Q 56. Qb7+ Kc2 57. Qxe4+ Kb3 58. Qd3+ 1-0

[Event "Danzhou 7th"]
[Site "Danzhou"]
[Date "2016.07.10"]
[Round "3"]
[White "Bu, Xiangzhi"]
[Black "Ivanchuk, Vassily"]
[Result "1-0"]
[WhiteElo "2723"]
[BlackElo "2728"]
[PlyCount "111"]
[EventDate "2016.07.08"]
[EventType "tourn"]
[EventRounds "9"]
[EventCountry "CHN"]
[EventCategory "20"]
[SourceTitle "CBM 174"]
[Source "ChessBase"]
[SourceDate "2016.09.13"]
[SourceVersion "1"]
[SourceVersionDate "2016.09.13"]
[SourceQuality "1"]

1. Nf3 Nf6 2. c4 e6 3. Nc3 d5 4. d4 Be7 5. Bg5 h6 6. Bh4 O-O 7. e3 b6 8. Bd3
Bb7 9. O-O Nbd7 10. Rc1 c5 11. Qe2 Ne4 12. Bxe7 Qxe7 13. cxd5 Nxc3 14. Rxc3
Bxd5 15. e4 Bb7 16. b4 Rac8 17. dxc5 bxc5 18. b5 c4 19. Rxc4 Rxc4 20. Bxc4 Qb4
21. Rd1 Rc8 22. Rxd7 Rxc4 23. h4 Qxb5 24. Rd8+ Kh7 25. Kh2 Rb4 26. Qxb5 Rxb5
27. Nd4 Rb4 28. f3 Kg6 29. Nb3 Bc6 30. Rc8 Bb5 31. Rc7 Ra4 32. h5+ Kf6 33. e5+
Kf5 34. Kg3 g5 35. Nc1 a5 36. Rxf7+ Kxe5 37. Rh7 Rh4 38. Rxh6 a4 39. a3 Bc4 40.
Kf2 Rh1 41. Ne2 Ra1 42. Rg6 Bd3 43. Rxg5+ Kf6 44. f4 Rxa3 45. Ng3 Ra1 46. h6 a3
47. Rg7 a2 48. Nh5+ Kf5 49. h7 Rf1+ 50. Ke3 Re1+ 51. Kxd3 Rd1+ 52. Ke3 Re1+ 53.
Kf3 Rf1+ 54. Kg3 a1=Q 55. Rg5+ Ke4 56. Re5+ 1-0

[Event "FIDE World Cup"]
[Site "Tbilisi"]
[Date "2017.09.09"]
[Round "3.1"]
[White "Carlsen, Magnus"]
[Black "Bu, Xiangzhi"]
[Result "0-1"]
[WhiteElo "2822"]
[BlackElo "2710"]
[Annotator "Marin,M"]
[PlyCount "72"]
[EventDate "2017.09.03"]
[EventType "k.o."]
[EventRounds "7"]
[EventCountry "GEO"]
[SourceTitle "CBM 181"]
[Source "ChessBase"]
[SourceDate "2017.11.10"]
[SourceVersion "1"]
[SourceVersionDate "2017.11.10"]
[SourceQuality "1"]

1. e4 e5 2. Bc4 Nf6 3. d3 Nc6 4. Nf3 Be7 5. O-O O-O 6. Bb3 $5 {A comparatively
rare variation.} ({The main line goes} 6. Re1 d6 7. a4) 6... d6 {I may be
wrong, but after this slow move both players were on their own, without
previous home preparation.} ({The alternative is} 6... d5 {in the spirit of
the Marshall attack:} 7. exd5 Nxd5 8. h3 a5 9. a4 (9. a3 Nd4 {Radjabov,T (2740)
-Ponomariov,R (2733) Medias 2010 CBM 137 [Rogozenco,D] (½-½, 30)}) 9... Nd4 {
Karjakin,S (2723)-Gelfand,B (2758) Khanty-Mansiysk 2009 CBM 134 [Gelfand,B] 
(0-1, 33)}) 7. c3 Be6 {A natural developing move, but in the long run the
bishop may be exposed to the threat d3-d4-d5.} ({Playing in the spirit of the
Chigorin Ruy Lopez looks entirely viable:} 7... Na5 8. Bc2 c5 9. d4 (9. h3 Nc6
10. Re1 Qc7 11. Nbd2 Be6 12. Nf1 Nd7 13. Ng5 Bxg5 14. Bxg5 d5 $132 {Bortnyk,O 
(2588)-Wang,H (2712) Abu Dhabi 2016 (0-1, 23)}) 9... cxd4 10. cxd4 Nc6 11. d5
Nb4 12. Bb3 a5 13. a3 Na6 14. Bc2 Bd7 15. Bd2 a4 16. Re1 b5 $11 {Tiviakov,S 
(2639)-Nikolic,P (2601) Leiden 2015 (0-1, 48)}) 8. Re1 (8. Bxe6 fxe6 9. Qb3 Qc8
{stops the white initiative for instance} 10. Ng5 $6 Nd8) 8... Qd7 9. Nbd2 Rab8
$5 $146 {A mysterious move. At first I thought it was aimed at defending b7,
but it looks more probable that it was a way of preparing ..b7-b5 in one of
the lines below.} ({After the natural} 9... Rad8 {Black has to reckon with} 10.
d4 $146 exd4 11. cxd4 Bg4 ({The discussion about the b7-pawn does not make
sense. After} 11... Bxb3 12. Qxb3 d5 13. e5 Ne4 14. Nxe4 dxe4 15. Rxe4 Qd5 {
with just some compensation, the rook is needed on d8, of course.}) 12. Ba4 $1
$14) (9... Bxb3 10. Qxb3 (10. axb3 a5 $5) 10... Nd8 $146 {[%cal Gc7c6,Gd8e6]
looks like the most flexible way of freeing Black's position. For instance} 11.
d4 exd4 12. cxd4 d5 13. e5 Nh5 14. g3 c6 {The control on the light squares
offers Black good manoeuvring possibilities.}) ({What is not very clear to me
is why did Black prefer the game move over} 9... a6 {with similar ideas.}) 10.
Bc2 (10. d4 {runs into} exd4 11. cxd4 Bg4 12. h3 (12. Ba4 b5 $1) 12... Bh5 {
and White does not have adequate ways of maintaining his central pawns intact.}
13. Qc2 (13. g4 Nxg4 14. hxg4 Qxg4+ 15. Kh1 Nxd4 16. Re3 Qf4 17. Kg2 Bg5 18.
Rd3 Qg4+ 19. Kf1 Qh3+ 20. Kg1 Bxd2 21. Nxd4 Qxd3 22. Qxd2 Qxe4 $19) 13... Na5
$11) (10. Nf1 {looks like a constructive alternative.}) 10... d5 $5 {Very
provocative and eventually successful!} 11. h3 ({I assume Carlsen considered
that after the imemdiate pawn grabbing} 11. exd5 Bxd5 12. Nxe5 ({Actually I
find Black's position a bit artificial after} 12. h3 Bd6 13. Nf1) 12... Nxe5
13. Rxe5 Bd6 14. Re1 Rbe8 {offers Black too much initiative, partly because of
the lack of defence of the g4-square. Here are a couple of lines sustaining
this point of view.} 15. Nf1 (15. Nc4 Qg4 $1 $19) 15... Qg4 16. Qxg4 Bxh2+ $1
17. Kh1 (17. Nxh2 Rxe1+ 18. Nf1 Nxg4 $19) (17. Kxh2 Nxg4+ 18. Kg3 Rxe1 $19)
17... Nxg4 18. Rxe8 Rxe8 19. f3 Bd6 20. fxg4 Re2 $44 21. Ba4 $3 {[%csl Gc6]} (
21. Bb3 Bc6 $1 22. d4 Be4 $1) 21... Rxg2 22. Ne3 Rh2+ 23. Kg1 Rh1+ 24. Kf2 Rh2+
{with a perpetual.}) 11... h6 {Preventing Ng5 and reckoning with the fact that
after h2-h3 Black gets attacking chances in another way than in the lines
above.} 12. exd5 {Picking up the gauntlet. Being a world champion creates
certain obligations.} Nxd5 13. Nxe5 Nxe5 14. Rxe5 Bd6 15. Re1 Bxh3 $1 {Due to
his advance in development, Black gets full compensation for the sacrifced
piece.} 16. gxh3 Qxh3 17. Nf1 {The most consistent move.} (17. Qf3 {would have
allowed (and forced!) a draw by perpetual:} Bh2+ 18. Kh1 Bg3+) (17. Nf3 $2 {
runs into problems:} Rbe8 18. Bd2 (18. d4 Rxe1+ 19. Qxe1 Qxf3) (18. Rxe8 Rxe8
19. d4 Re6 $19 {[%cal Gf7f5,Ge6g6]}) 18... Rxe1+ 19. Bxe1 Nf4 $19) 17... Rbe8 {
Black's play flows naturally, in a similar way to the Marshall attack main
lines. For White, there are small choices on each step and the correct answer
is not always obvious. This slightly speaks against Carlsen's decision to
allow the sacrifice.} 18. d4 (18. Bb3 c6 19. Bd2 Re6 20. Rxe6 fxe6 21. Qe1 Rf6
22. Qe4 Kf7 $44) 18... f5 19. Bb3 c6 20. f4 Kh7 (20... g5 $5 {, immedoately
putting pressure on f4, may have been even stronger:} 21. Re2 ({The point is
that} 21. fxg5 $2 {clears the fourth rank for the rook:} Re4 $19) 21... Kg7 22.
Rf2 Nxf4 23. Bxf4 Bxf4 24. Qf3 Qxf3 25. Rxf3 Re7 26. Rd1 h5 {Black has only
two pawns for the piece but the compact kingside mass is threatening.}) {
Black has a strong attack for the piece and White faces the threat on f4.
Carlsen decides on parrying it in a simplistic way.} 21. Bxd5 $2 {This bishop
was important because it now only was ready taking on d5 when really needed
but also defended the queen.} (21. Re2 $1 {was the only way of staying out of
troubles. Black would have retained compensation for the piece, even though
not necessarily entirely adequate.} Nxf4 (21... Rxe2 22. Qxe2 Rf6 23. Bxd5 cxd5
24. Nh2 Rg6+ 25. Kh1 Rg4 26. Bd2 Bxf4 27. Bxf4 Rxf4 28. Rf1 $44) (21... Qg4+
22. Rg2 $16 {[%cal Gb3d1]}) 22. Rh2 Qg4+ 23. Qxg4 fxg4 $44 {/+/=}) 21... cxd5
22. Re3 (22. Re2 {does not work anymore:} Qg4+ {[%csl Gd1]} 23. Kf2 g5 24. fxg5
Re4 $40) 22... Rxe3 23. Bxe3 g5 $19 {Being incompletely developed, White is
helpless now against the combined attack of Black's pieces and pawns.} 24. Kf2
(24. fxg5 f4 25. Qc2+ Rf5 {[%cal Gf4f3]} (25... Kh8 26. Qg6) 26. Bf2 f3 27. Be3
Kh8 28. c4 Qg4+ 29. Kh1 Qh4+ 30. Kg1 f2+ 31. Bxf2 Rxg5+) 24... gxf4 25. Qf3 (
25. Bd2 Qh4+ 26. Kf3 Rg8 $19) 25... fxe3+ 26. Nxe3 Qh2+ 27. Kf1 Rg8 {Black is
attacking with equal material already.} 28. Qxf5+ Rg6 $1 ({The only way to
avoid the repetition. If} 28... Kh8 29. Qf6+ Rg7 30. Nf5 $11 {it is Black
already who needs to look for a perpetual.}) 29. Ke1 h5 $6 {This could have
spoiled the win, as it is by one tempo too slow.} ({Black should have unpinned
the rook at once. He would escape from perpetual with a curious manoeuvre:} 
29... Kg7 $1 30. Qd7+ Kh8 31. Qd8+ Kh7 32. Qd7+ Rg7 33. Qf5+ Kh8 34. Qc8+ Rg8
$19) 30. Kd1 $2 ({Missing his chance with:} 30. Rd1 $1 {Good or bad, White
needs to complete his development. Even great players tend to forget simple
things under the pressure.} Kh6 31. Rd2 Rg1+ 32. Nf1 Qh4+ 33. Rf2 {and White
is entirely safe already.}) 30... Kh6 31. Nc2 h4 {The rest is agony. There is
no perpetual, the white king is in danger and the h-pawn unstoppable.} 32. Ne1
h3 33. Nf3 Qg2 34. Ne1 Qg4+ 35. Qxg4 Rxg4 36. Nf3 Rg1+ $5 (36... Rg1+ 37. Nxg1
h2) 0-1

[Event "CHN-chT"]
[Site "China"]
[Date "2018.10.27"]
[Round "16.1"]
[White "Bu, Xiangzhi"]
[Black "Vallejo Pons, Francisco"]
[Result "1-0"]
[WhiteElo "2725"]
[BlackElo "2707"]
[PlyCount "49"]
[EventDate "2018.04.11"]
[EventType "team-tourn"]
[EventRounds "22"]
[EventCountry "CHN"]
[SourceTitle "CBM 187 Extra"]
[Source "ChessBase"]
[SourceDate "2018.11.04"]
[SourceVersion "1"]
[SourceVersionDate "2018.11.04"]
[SourceQuality "1"]
[WhiteTeam "Shandong Jingzhi"]
[BlackTeam "Chendu Beilei Youth"]
[WhiteTeamCountry "CHN"]
[BlackTeamCountry "CHN"]

1. Nf3 d5 2. d4 Nf6 3. c4 e6 4. Bg5 dxc4 5. Nc3 a6 6. a4 Nc6 7. e3 Na5 8. Nd2
c5 9. dxc5 Bxc5 10. Bxc4 Bd7 11. O-O Rc8 12. Bd3 Be7 13. Qe2 Nd5 14. Bxe7 Nxc3
15. Bxd8 Nxe2+ 16. Bxe2 Kxd8 17. b4 Nc6 18. Nc4 Ke7 19. Nb6 Rb8 20. b5 axb5 21.
axb5 Nb4 22. e4 Nc2 23. Rad1 Rhd8 24. Rd2 Na3 25. Nxd7 1-0

[Event "Danzhou 9th"]
[Site "Danzhou"]
[Date "2018.07.28"]
[Round "2"]
[White "Yu, Yangyi"]
[Black "Bu, Xiangzhi"]
[Result "0-1"]
[WhiteElo "2762"]
[BlackElo "2712"]
[PlyCount "140"]
[EventDate "2018.07.27"]
[EventType "tourn"]
[EventRounds "7"]
[EventCountry "CHN"]
[EventCategory "20"]
[SourceTitle "CBM 186"]
[Source "ChessBase"]
[SourceDate "2018.09.14"]
[SourceVersion "1"]
[SourceVersionDate "2018.09.14"]
[SourceQuality "1"]

1. e4 e5 2. Bc4 Nf6 3. d3 Nc6 4. Nf3 Bc5 5. O-O d6 6. c3 a6 7. a4 Ba7 8. Na3
O-O 9. Bg5 Be6 10. Re1 Kh8 11. b4 Ne7 12. d4 Ng6 13. dxe5 Nxe5 14. Nxe5 dxe5
15. Bxe6 fxe6 16. Be3 Bxe3 17. Rxe3 b5 18. h3 Qe8 19. Nc2 a5 20. axb5 Qxb5 21.
bxa5 Rxa5 22. Rxa5 Qxa5 23. Ne1 Rb8 24. Kh2 h6 25. Qe2 Rb1 26. Nf3 Qa1 27. g3
Rb2 28. Nd2 Qc1 29. Rd3 Ra2 30. Kg2 Kh7 31. Qf1 Qc2 32. c4 Ne8 33. Qb1 Nd6 34.
Qxc2 Rxc2 35. h4 Kg6 36. Kh3 h5 37. f3 Kf6 38. g4 hxg4+ 39. fxg4 Nxc4 40. Nf3
Re2 41. g5+ Kg6 42. Rc3 Nd6 43. Nxe5+ Kh5 44. Rxc7 Re3+ 45. Kg2 Rxe4 46. Nf7
Nf5 47. Kf3 Rxh4 48. Rc8 Kg6 49. Rc7 Rd4 50. Ra7 Rb4 51. Rd7 Kh5 52. Ra7 Rb1
53. Kf4 Rf1+ 54. Ke5 Re1+ 55. Kf4 Ne3 56. Nh8 Nd5+ 57. Kf3 Rf1+ 58. Ke4 g6 59.
Rg7 Nf4 60. Nf7 Kg4 61. Ke5 Re1+ 62. Kf6 Nh5+ 63. Kxg6 Nxg7 64. Kxg7 Kf5 65. g6
e5 66. Nh6+ Ke6 67. Nf7 e4 68. Ng5+ Ke7 69. Kh7 Rh1+ 70. Kg8 e3 0-1